000460629 001__ 460629 000460629 005__ 20221026112642.0 000460629 0247_ $$2DOI$$a10.1109/VPA.2014.12 000460629 0247_ $$2HSB$$a1999910016113 000460629 0247_ $$2ISBN$$a1-4799-7059-X 000460629 0247_ $$2ISBN$$a978-1-4799-7058-2 000460629 0247_ $$2ISBN$$a978-1-4799-7059-9 000460629 0247_ $$2SCOPUS$$aSCOPUS:2-s2.0-84988240468 000460629 0247_ $$2WOS$$aWOS:000389247000007 000460629 037__ $$aRWTH-CONV-206846 000460629 041__ $$aEnglish 000460629 1001_ $$0P:(DE-82)479245$$aWeyers, Benjamin$$b0$$eCorresponding author 000460629 1112_ $$a1. Workshop on Visual Performance Analysis$$cNew Orleans, LA$$d2014-11-21 - 2014-11-21$$gVPA 2014$$wUSA 000460629 245__ $$aVisualization of Memory Access Behavior on Hierarchical NUMA Architectures$$honline, print 000460629 260__ $$aPiscataway, NJ$$bIEEE$$c2014 000460629 29510 $$a2014 First Workshop on Visual Performance Analysis (VPA 2014) : New Orleans, Louisiana, USA, 21 November 2014 ; [held in conjunction with SC14, the International Conference for High Performance Computing, Networking, Storage and Analysis, New Orleans, Louisiana, November 16 - 21, 2014] / [ACM SIGHPC; IEEE Computer Society. Peer-Timo Bremer ..., chairs] 000460629 300__ $$a42-49 000460629 3367_ $$033$$2EndNote$$aConference Paper 000460629 3367_ $$0PUB:(DE-HGF)7$$2PUB:(DE-HGF)$$aContribution to a book 000460629 3367_ $$0PUB:(DE-HGF)8$$2PUB:(DE-HGF)$$aContribution to a conference proceedings$$bcontrib$$mcontrib 000460629 3367_ $$2BibTeX$$aINPROCEEDINGS 000460629 3367_ $$2DRIVER$$aconferenceObject 000460629 3367_ $$2DataCite$$aOutput Types/Conference Paper 000460629 3367_ $$2ORCID$$aCONFERENCE_PAPER 000460629 591__ $$aGermany 000460629 7001_ $$0P:(DE-82)IDM00334$$aTerboven, Christian$$b1$$eCorresponding author 000460629 7001_ $$0P:(DE-82)IDM01602$$aSchmidl, Dirk$$b2$$eCorresponding author$$urwth 000460629 7001_ $$0P:(DE-82)202255$$aHerber, Joachim$$b3$$eCorresponding author 000460629 7001_ $$0P:(DE-82)IDM00462$$aKuhlen, Torsten$$b4$$eCorresponding author 000460629 7001_ $$0P:(DE-82)IDM01074$$aMüller, Matthias S.$$b5$$eCorresponding author 000460629 7001_ $$0P:(DE-82)000212$$aHentschel, Bernd$$b6$$eCorresponding author 000460629 909CO $$ooai:publications.rwth-aachen.de:460629$$pVDB 000460629 9101_ $$0I:(DE-588b)36225-6$$6P:(DE-82)IDM01602$$aRWTH Aachen$$b2$$kRWTH 000460629 9141_ $$y2014 000460629 9151_ $$0StatID:(DE-HGF)0031$$2StatID$$aPeer reviewed article 000460629 9201_ $$0I:(DE-82)120000_20140620$$k120000$$lFachgruppe Informatik$$x0 000460629 9201_ $$0I:(DE-82)022000_20140101$$k022000$$lIT Center$$x1 000460629 9201_ $$0I:(DE-82)080012_20140620$$k080012$$lJARA - HPC$$x2 000460629 9201_ $$0I:(DE-82)123010_20140620$$k123010$$lLehrstuhl für Informatik 12 (Hochleistungsrechnen)$$x3 000460629 9201_ $$0I:(DE-82)124170_20140620$$k124170$$lVirtual Reality Group$$x4 000460629 961__ $$c2015-01-12$$x2015-01-09$$z2015-02-04 000460629 970__ $$ahsb1999910016113 000460629 980__ $$aConvertedRecord 000460629 980__ $$aI:(DE-82)022000_20140101 000460629 980__ $$aI:(DE-82)080012_20140620 000460629 980__ $$aI:(DE-82)120000_20140620 000460629 980__ $$aI:(DE-82)123010_20140620 000460629 980__ $$aI:(DE-82)124170_20140620 000460629 980__ $$aUNRESTRICTED 000460629 980__ $$aVDB 000460629 980__ $$acontb 000460629 980__ $$acontrib